[Event "Tarija op"]
[Site "Tarija"]
[Date "2023.04.07"]
[Round "3"]
[White "Bracamonte, Humberto"]
[Black "Sirpa Calizaya, Benjamin"]
[Result "1-0"]
[WhiteElo "1604"]
[BlackElo "1271"]
[PlyCount "87"]
[EventDate "2023.04.06"]
[EventType "swiss"]
[EventRounds "7"]
[EventCountry "BOL"]
[SourceTitle "EXT 2024"]
[Source "ChessBase"]
[SourceDate "2023.10.10"]
[SourceVersion "1"]
[SourceVersionDate "2023.10.10"]
[SourceQuality "1"]

1. e4 e5 2. Nf3 Nc6 3. Bb5 Bc5 4. d3 d6 5. c3 Nf6 6. 0-0 0-0 7. Nbd2 Bg4 8. Re1 Ne7 9. Nf1 Ng6 10. h3 Bd7 11. Bc4 h6 12. Be3 Bb6 13. Qd2 Be6 14. Bb3 Nh7 15. Ng3 Bxe3 16. fxe3 Bxb3 17. axb3 Ne7 18. Nf5 Nxf5 19. exf5 Ng5 20. Qf2 Nxf3+ 21. Qxf3 c6 22. Rf1 Qg5 23. Ra4 h5 24. h4 Qh6 25. g4 g6 26. g5 Qg7 27. f6 Qh8 28. Rfa1 a6 29. d4 Rfe8 30. d5 c5 31. b4 cxb4 32. Rxb4 Reb8 33. Rb6 Kh7 34. Rxd6 Qe8 35. Qh3 Rd8 36. Rxd8 Rxd8 37. e4 Qb5 38. Qg2 Qd3 39. Rf1 Qe3+ 40. Kh2 Rd6 41. Qf3 Qd2+ 42. Rf2 Qe1 43. Qe2 Qc1 44. Rf1 1-0